Quizz Tintin expert - Statistiques

Statistiques générales
  • Ce quiz a été pris 415 fois
  • Le résultat moyen est 7 sur 20
Statistiques - réponses
Questions Réponses % Correct
De quelle couleur est l'écharpe de Tchang, qui permet à Tintin de retrouver sa trace au tibet ? Jaune
96%
Quel est le prénom du capitaine Haddock ? Archibald
78%
Au Tibet, Haddock doit passer à côté d'un chorten en respectant une consigne. "Sahib, toi passer à______ ". Complétez ! Gauche
66%
Quel personnage triche à toutes ses parties de bataille navale ? Laszlo Carreidas
53%
Quelle est l'adresse exacte de Tintin ? 26 rue du Labrador
48%
Quel est l'autre nom donné au Yéti par les moines tibétains ? Le Migou
47%
Qu'a oublié le chef des pompiers alors que la villa du Docteur Muller prend feu ? La clé
37%
Comment s'appelle l'explorateur anglais vivant avec la tribu des Arumbayas ? Ridgewell
34%
Comment s'appelle le guépard de compagnie de l'émir Ben Kalish Ezab ? Aïcha
32%
Quelle est la seule BD Tintin adaptée d'un film animé ? Tintin et le lac aux requins
32%
De quel astéroïde Haddock manque-t-il de devenir le satellite en sortant de la fusée dans "On a marché sur la lune" ? Adonis
31%
Quel est le matricule de la fusée emmenant Tintin sur la lune ? XFLR6
26%
De quel journal sont les journalistes que Bianca Castafiore déteste ? Le Tempo di Roma
21%
Pour quel poste se fait engager Tintin à bord du Speedol Star ? Télégraphiste
19%
Dans Tintin en Amérique, on propose une jument à l'aventurier.Quel est son nom ? Béatrice
18%
Quel est le numéro de téléphone de Moulinsart ? 421
15%
En quoi se déguise Tintin pour passer le poste-frontière dans le Lotus Bleu ? En général japonais
13%
Allan Thompson commande un autre navire que le Karaboudjan. Quel est-il ? Le Ramona
13%
Comment s'appelle la spécialité culinaire typique de Syldavie ? Le szlaszeck
6%
Quel est le nom du poignard qui se plante aux pieds de Tintin dans les cigares du pharaon ? Un khouttar
1%
Aucun quiz correspondant
Distribution des résultats
% des personnes avec chaque résultat
Percentile par nombre de réponses
Votre historique - résultats
Vous n’avez pas pris ce quiz